| 000 | 00761nam a2200205Ia 4500 | ||
|---|---|---|---|
| 008 | 0000001996 ck a 0000000000spa00 | ||
| 090 | _aPSP00 D31s | ||
| 100 | 1 | _aDíaz, Juan. | |
| 245 | 1 | 0 |
_aSiempre la acuarela _b: Juan Díaz _c/ fotografías Nicolas de la Hoz |
| 300 |
_a[8] p. _c/ 21 cm. |
||
| 500 | _aExposición realizada en Alonso Arte, Bogotá, Octubre 21, 1996 \ Con el patronazgo del maestro venezolano Jesús Rafael Soto (q.e.p.d.) | ||
| 600 | 0 | 0 |
_aDIAZ, JUAN/ _xTRABAJOS PICTORICOS |
| 650 | 1 | 4 | _aARTE CONTEMPORANEO ESPAÑOL |
| 650 | 1 | 4 | _xCATALOGOS |
| 650 | 1 | 4 | _xEXPOSICIONES |
| 650 | 1 | 4 | _aPINTORES ESPAÑOLES |
| 650 | 1 | 4 | _aPINTURA ESPAÑOLA |
| 700 | 1 | _aDe la Hoz, Nicolás, 1960 | |
| 999 |
_c4663 _d4663 |
||
| 260 |
_aBogotá : Alonso Arte _c1996 |
||